00467nam a2200193Ia 4500003000400000005001700004008004100021020002200062040000700084041000800091082001500099100001800114245003900132260003800171300001400209365001400223650001100237650002500248OSt20230516115540.0210423s2014 xx 000 0 und d a978-81-265-5068-5 cAL aeng a581.1 SCOP aSCOTT (Peter) aPhysiology and behaviour of plants aNew DelhibWiley- Blackwellc2014 ax,305bPB b1260cINR aBotany aPhysiology of Plants